| 000 -LEADER |
| fixed length control field |
01467cam a2200337 i 4500 |
| 003 - CONTROL NUMBER IDENTIFIER |
| control field |
OSt |
| 005 - DATE AND TIME OF LATEST TRANSACTION |
| control field |
20200310133247.0 |
| 008 - FIXED-LENGTH DATA ELEMENTS--GENERAL INFORMATION |
| fixed length control field |
151107s2016 ii abe b 001 0 eng d |
| 020 ## - INTERNATIONAL STANDARD BOOK NUMBER |
| International Standard Book Number |
9789383243112 |
| 040 ## - CATALOGING SOURCE |
| Original cataloging agency |
BTCTA |
| Language of cataloging |
eng |
| Transcribing agency |
BTCTA |
| Description conventions |
rda |
| Modifying agency |
YDXCP |
| -- |
BDX |
| -- |
OCLCQ |
| -- |
CAM |
| -- |
DKAGE |
| -- |
DLC |
| 042 ## - AUTHENTICATION CODE |
| Authentication code |
lccopycat |
| -- |
lcode |
| 043 ## - GEOGRAPHIC AREA CODE |
| Geographic area code |
a-ii--- |
| 082 ## - DEWEY DECIMAL CLASSIFICATION NUMBER |
| Classification number |
725.18 |
| Item number |
BEA |
| 245 00 - TITLE STATEMENT |
| Title |
Bundi Fort : |
| Remainder of title |
a Rajput world / |
| Statement of responsibility, etc |
edited by Milo Cleveland Beach. |
| 300 ## - PHYSICAL DESCRIPTION |
| Extent |
148 pages : |
| Other physical details |
color illustrations, map, plans ; |
| Dimensions |
31 cm |
| 500 ## - GENERAL NOTE |
| General note |
"Vol. 67, no. 3, March 2016"--Title page verso; simultaneously issued in serial format as an issue of Mārg. |
| 504 ## - BIBLIOGRAPHY, ETC. NOTE |
| Bibliography, etc |
Includes bibliographical references (pages 144-145) and index. |
| 650 #0 - SUBJECT ADDED ENTRY--TOPICAL TERM |
| Topical term or geographic name as entry element |
Architecture |
| Geographic subdivision |
India |
| -- |
Bundi. |
| 650 #0 - SUBJECT ADDED ENTRY--TOPICAL TERM |
| Topical term or geographic name as entry element |
Mural painting and decoration, Indic |
| Geographic subdivision |
India |
| -- |
Bundi. |
| 650 #0 - SUBJECT ADDED ENTRY--TOPICAL TERM |
| Topical term or geographic name as entry element |
Painting, Indic |
| Geographic subdivision |
India |
| -- |
Bundi. |
| 651 #0 - SUBJECT ADDED ENTRY--GEOGRAPHIC NAME |
| Geographic name |
Bundi (India) |
| General subdivision |
Buildings, structures, etc. |
| 651 #0 - SUBJECT ADDED ENTRY--GEOGRAPHIC NAME |
| Geographic name |
Bundi (India) |
| General subdivision |
Social life and customs. |
| 700 1# - ADDED ENTRY--PERSONAL NAME |
| Personal name |
Beach, Milo Cleveland, |
| Relator term |
editor. |
| 730 0# - ADDED ENTRY--UNIFORM TITLE |
| Uniform title |
Mārg̲. |
| 830 #0 - SERIES ADDED ENTRY--UNIFORM TITLE |
| Uniform title |
Marg publications (Mumbai, India) ; |
| Volume number/sequential designation |
v. 67, no. 3. |
| 856 42 - ELECTRONIC LOCATION AND ACCESS |
| Materials specified |
Contributor biographical information |
| Uniform Resource Identifier |
<a href="https://www.loc.gov/catdir/enhancements/fy1614/2015306024-b.html">https://www.loc.gov/catdir/enhancements/fy1614/2015306024-b.html</a> |
| 856 41 - ELECTRONIC LOCATION AND ACCESS |
| Materials specified |
Table of contents only |
| Uniform Resource Identifier |
<a href="https://www.loc.gov/catdir/enhancements/fy1614/2015306024-t.html">https://www.loc.gov/catdir/enhancements/fy1614/2015306024-t.html</a> |
| 906 ## - LOCAL DATA ELEMENT F, LDF (RLIN) |
| a |
7 |
| b |
cbc |
| c |
copycat |
| d |
3 |
| e |
ncip |
| f |
20 |
| g |
y-gencatlg |
| 942 ## - ADDED ENTRY ELEMENTS (KOHA) |
| Source of classification or shelving scheme |
|
| 955 ## - COPY-LEVEL INFORMATION (RLIN) |
| Book number/undivided call number, CCAL (RLIN) |
wd49 2016-04-04 |
| Copy information and material description, CCAL + MDES (RLIN) |
wd39 2016-04-26 to ASME |